Responses for show #1907 - Tuesday, December 15, 1992

Contestants

[<< previous game]

Lucia Fitzgerald, an executive originally from Kansas City, Missouri

Dave Story, a documentary researcher from Los Angeles, California

Sheryl Stein, a program analyst from Arlington, Virginia (whose 2-day cash winnings total $8,000)

[next game >>]

Jeopardy! Round responses

U.S. CITIES
SURVEY SAYS
OLD RADIO
ZOOLOGY
DESIGN
3-LETTER WORDS
    $100 6
Albany

Sheryl
    $100 23
middle

Dave
    $100 11
(Edward R.) Murrow

Sheryl
    $100 17
(Dave: What is a duck?)
(Lucia: What is a snake?)
[...]
(Alex (to Dave): You can play with your little rubber ducky...)

a sponge

DaveLucia
Triple Stumper
    $100 13
its head

Sheryl
    $100 1
the pit

Sheryl
    $200 7
New Orleans

Dave
    $200 24
kiss

Dave
    $200 12
Gene Autry

Lucia
    $200 18
a toy

Lucia
    $200 14
gold

Sheryl
    $200 2
a hit

Sheryl
    $300 8
Alexandria

Sheryl
    $300 25
Japan

Sheryl
    $300 19
Walter Winchell

Lucia
    $300 28
blowfish

Dave
    $300 15
Spain

Sheryl
    $300 3
a fit

Sheryl
    $400 9
(Sheryl: What is Kansas City...Kansas?)
[after commercial break]
(Alex: There was a bit of confusion on my part...because I inadvertently added a word while I was looking back at the clue. Sheryl gave me a response and I didn't acknowledge her response immediately. We had said "this Missouri city" in the clue and "Kansas City" was correct, and she waited probably thought she was wrong, so she added "Kansas" and I ruled her incorrect at that point. We think that's a little unfair, so we're going to give her back her money and the $400 for a correct response.)

Kansas City, Missouri

Sheryl
    $400 26
(Lucia: What is ivory?)

Dove

Lucia
Triple Stumper
    $400 20
(Sheryl: Who was Charlie Chan?)

The Shadow

SherylLucia
    $400 29
(Dave: What is a lynx?)
[...]
(Alex: The answer, of course, is [*]. The jaguar is the largest.)

puma or mountain lion

Dave
Triple Stumper
    $400 16
a tapestry

Dave
    $400 4
a wit

Dave
    $500 10
Oregon

Sheryl
    $500 27
Alaska

Dave
    $500 21
(Lucia: Who is Merv Griffin?)
(Dave: Who is Bob Barker?)

Ralph Edwards

DaveLucia
Triple Stumper
    $500 30
the Barbary apes

Triple Stumper
    $500 22
(Sheryl: What are lights?)

flowers

SherylLucia
    $500 5
a bit

Sheryl

Scores at the first commercial break (after clue 12):

Sheryl Dave Lucia
$2,500 $600 $200

Scores at the end of the Jeopardy! Round:

Sheryl Dave Lucia
$2,500 $1,100 $600

Double Jeopardy! Round responses

WORLD LEADERS
THE EARTH
FOOD FACTS
PEOPLE & PLACES
THE RESTORATION
QUOTES
    $200 17
Iceland

Lucia
    $200 16
(Dave: What is a beach?)

a coral reef

DaveLucia
    $200 2
a cocktail sauce

Triple Stumper
    $200 1
paper

Dave
    $200 22
Punch

Dave
    $200 11
a friend

Lucia
    $400 18
Idi Amin

Sheryl
    $400 23
(Dave: What is Mars?)
(Lucia: What is Mercury?)

the Moon

DaveLucia
Triple Stumper
    $400 3
caviar

Lucia
    $400 7
Hong Kong

Dave
    $400 12
Freud

Sheryl
    $600 19
Tito

Dave
    $600 28
limestone

Triple Stumper
    $900 4
wheat

Lucia
    $600 8
(Dave: What is Antarctica?)
(Alex: (to producers) Can we accept that? (to Dave) Can you be more specific?)
(Dave: What is [*]?)

the South Pole

Dave
    $600 13
Adlai Stevenson

Sheryl
    $800 20
(Dave: Who is Mao?)

Zhou Enlai

Dave
Triple Stumper
    $800 27
permafrost

Dave
    $800 5
England

Dave
    $800 9
the Arab League

Lucia
    $800 26
Milton

Dave
    $800 14
charity

Sheryl
    $1000 21
(Sheryl: What is Egypt?)

Lebanon

SherylLucia
    $3,000 24
(Dave: Who is Pascal?)

Foucault

Dave
    $1000 6
arugula

Sheryl
    $1000 10
Innsbruck

Dave
    $1000 25
manners

Dave
    $1000 15
read

Sheryl

Scores at the end of the Double Jeopardy! Round:

Sheryl Dave Lucia
$5,700 $3,100 $3,900

[wagering suggestions for these scores]

Final Jeopardy! Round responses

ANATOMY
DaveWhat is spine
$1,000
LuciaWhat is a skull?
$3,800
SherylWhat is a backbone?
$2,101
a breastbone (or sternum)

Final scores:

Sheryl Dave Lucia
$3,599 $2,100 $100
3-day champion: $11,599 + Jeopardy! '92 home game 2nd place: a trip for two on Delta to a week trip at Ala Moana Hotel at Waikiki Beach in Honolulu + Jeopardy! '92 home game 3rd place: a Panasonic word processor + Jeopardy! '92 home game

Game dynamics:

Coryat scores:

Sheryl Dave Lucia
$5,700 $6,100 $3,600
19 R
(including 1 DD),
3 W
17 R,
7 W
(including 1 DD)
12 R
(including 1 DD),
4 W

Combined Coryat: $15,400

The J! Archive is created by fans, for fans. The Jeopardy! game show and all elements thereof, including but not limited to copyright and trademark thereto, are the property of Jeopardy Productions, Inc. and are protected under law. This website is not affiliated with, sponsored by, or operated by Jeopardy Productions, Inc. Join the discussion at JBoard.tv.